| 000 | 00421nam a2200133Ia 4500 | ||
|---|---|---|---|
| 008 | 220217s9999 xx 000 0 und d | ||
| 100 | _aSumy M. John | ||
| 245 | 0 | _aAnalysis of rubber vulcanisate by chemical and instrumental methods: A comparative evaluation | |
| 260 |
_bMahatma Gandhi University _a Kottayam _c1996 |
||
| 500 | _aAvailable in RT | ||
| 500 | _aCourse: M.Sc. | ||
| 700 | _aDr Baby Kuriakose | ||
| 942 | _cTS | ||
| 999 |
_c74268 _d74268 |
||